Vízie metodických postupov osvojovania si odborného cudzieho jazyka cez prizmu historických skúseností

Bibliographic Details
Main Authors: Poláčková, Gabriela, 1954- (Author), Džuganová, Božena, 1955- (Author)
Format: Article
Language:Slovak
ISBN:8088866146

MARC

LEADER 00000naa a2200000uu 4500
001 vtls011055698
003 SK-MaSNL
005 20260302115554.0
008 210909|2001 xo |||||||||||||||||slo|
015 |a SNBRA 
035 |a (urnnbn)urn:nbn:sk:snk:ar-a0byf3 
035 |a (uuid)2a3cab76-2cfb-47b1-aceb-c6f95c909a7a 
035 |a urn:nbn:sk:snk-aav52v 
040 |a SNKBUCL  |b slo  |c SNKBUCL  |e AACR2 
041 0 |a slo 
044 |a xo  |c SK 
100 1 |a Poláčková, Gabriela,  |d 1954-  |4 aut  |9 191973 
245 1 0 |a Vízie metodických postupov osvojovania si odborného cudzieho jazyka cez prizmu historických skúseností  |c G. Poláčková, B. Džuganová 
700 1 |a Džuganová, Božena,  |d 1955-  |4 aut  |9 197134 
773 0 |t Štúdium medicíny v treťom tisícročí  |d Martin : [Jeseniova lekárska fakulta Univerzity Komenského], 2001  |g S. 58-59  |z 8088866146 
958 |a OND 
958 |a article12 
958 |a chapter 
999 |c 1265331  |d 1267261